000 00359nam a2200145Ia 4500
100 _aModule G25
650 _aElectrical Engineering
942 _cBK
654 _aElectronic Equipment Wiring
245 _aElectronic Equipment Wiring And Assembling II
260 _bE.I.T.B
_aEngland
_c1980
082 _a621.3
_bITB
300 _a223
546 _aENGLISH
999 _c34407
_d34407